| 000 | 00679cam a2200229 4500 | ||
|---|---|---|---|
| 001 | J63603 | ||
| 008 | 000000n2001 000 0 eng u | ||
| 035 | _a(Sirsi) u110945 | ||
| 041 | _aeng | ||
| 050 | _a332.6324 | ||
| 110 |
_aDTZ Research _93886 |
||
| 245 | _aOverseas investment in UK commercial property. - February 2001 | ||
| 260 |
_aLondon _bDTZ Debenham Thorpe _c2001 |
||
| 300 | _a10p. ; 30cm. | ||
| 350 | _a0.00 | ||
| 650 | _aPROPERTY-COMMERCIAL PROPERTY | ||
| 650 | _aFOREIGN INVESTMENT | ||
| 650 | _aOVERSEAS INVESTMENT | ||
| 650 | _aPROPERTY INVESTMENT | ||
| 690 | _aPROPERTY-COMMERCIAL PROPERTY-COMMERCIAL PROPERTY FINANCE AND INVESTMENT | ||
| 942 | _n0 | ||
| 999 |
_c101166 _d101166 |
||